000 00598nam a2200229Ia 4500
003 OSt
005 20220918201945.0
006 a|||||r|||| 00| 0
007 ta
008 220917b |||||||| |||| 00| 0 eng d
024 _a97,719
037 _cTextual
040 _aARTS
_cARTS
_beng
041 _2eng
_aeng
082 _aV2:24Q7:N4, J4-;1
100 _aLal Bahadur
_9101515
245 0 _aMuslim league
_b its history activities and achievements
260 _c1954
650 _aHISTORY
942 _hV2:24Q7:N4, J4-;1
_cTEXL
_2CC
999 _c221313
_d221313